| 000 | 00572nam a22001937a 4500 | ||
|---|---|---|---|
| 003 | OSt | ||
| 005 | 20140310181711.0 | ||
| 008 | 121207t xxu||||| |||| 00| 0 eng d | ||
| 020 | _a9715503144 | ||
| 050 |
_a PL 6058.6 _b.C697 1999 |
||
| 082 |
_aFIL 899.2111 _bC68 1999 |
||
| 100 | _aCollantes, Florentino T. | ||
| 245 |
_aAng Tulisan : _cFlorentino T. Collantes _bat iba pang talinhaga / |
||
| 260 |
_aQuezon City : _bAteneo De Manila University Press, _c1999. |
||
| 300 |
_axx, 288 p. : _c23 cm. |
||
| 650 | _aFilipino Poetry | ||
| 942 |
_2lcc _cBK |
||
| 999 |
_c1545 _d1545 |
||